| 000 | 00854nam a22002897a 4500 | ||
|---|---|---|---|
| 003 | CHAP | ||
| 005 | 20220329133644.0 | ||
| 008 | 971013s1979 r 00010 d | ||
| 010 | _a9088 | ||
| 011 | _a10060 | ||
| 035 | _a9297 | ||
| 040 | _cCHAP | ||
| 082 |
_a532 _bV4Y |
||
| 100 | 0 | 0 |
_aVennard, John K. _9118727 |
| 245 | _aElementos de mecánica de fluidos | ||
| 260 |
_aMéxico, D. F. : _bCECSA, _c1979 |
||
| 300 |
_a814 p. _b: ilus |
||
| 590 |
_aBATCH-UPD _b10 _c20130110 _lUCH01 _h2227 |
||
| 590 |
_aBATCH-UPD _b10 _c20130410 _lUCH01 _h1523 |
||
| 590 |
_aBATCH-UPD _b10 _c20130914 _lUCH01 _h1806 |
||
| 590 |
_aCONVERSION _b10 _c20130109 _lUCH01 _h1306 |
||
| 650 | 1 | 4 |
_aMecánica de fluídos. _973821 |
| 700 | 0 |
_aStreet, Robert L. _9109977 |
|
| 901 | _aBK | ||
| 942 | _cLIBRO | ||
| 949 |
_a532 V4Y _bBC _cLIBRO _d33724000393252 _eLIBRO _h78330 _i9297 _si _t39.45 |
||
| 999 |
_c9088 _d9088 |
||